01707nab a2200445 a 450000100060000000300080000600500170001400600190003100700150005000800410006502200140010603500210012004000260014105000190016708000070018608200120019310000300020521000480023522200950028324501550037826000620053330000120059531000100060736200190061753301640063654600390080065000170083965000440085665000210090065000150092165000200093665000370095665300140099365300270100765300180103465500320105271000190108474000960110385600620119929604FlNmELB20241216220515.0m o d | cr cn|||||||||201104r2006 sp |||||s|||||||||||spa d a1578-5157 a(OCoLC)955410792 aFlNmELBbspacFlNmELB 4aG62bF365 2006 a9104a9102221 aFernández Seoane, Luis.10aGeofocus. Rev. int. cienc. tec. inf. geogr. 0aGeofocus. Revista internacional de Ciencia y Tecnología de la información Geográfica13aLa zonificación bioclimática vitícola como base para la selección de variedades de viniferah[recurso electronico] /cLuis Fernández Seoane. aMadrid :bAsociación de Geógrafos Españoles,c2006. a1-32 p. aAnual0 aNum. 6 (2006)- aRecurso electrónico. Santa Fe, Arg.: e-libro, 2015. Disponible vía World Wide Web. El acceso puede estar limitado para las bibliotecas afiliadas a e-libro. aResumenes en español e inglés. 0aGeografía. 0aSistemas de información geográfica. 0aTeledetección. 0aGeography. 0aRemote sensing. 0aGeographical information system. aGeografia aInformacion geografica aTeledeteccion 4aArtículos electrónicos.2 ae-libro, Corp.02aGeofocus. Revista internacional de Ciencia y Tecnología de la información Geográfica.40uhttps://elibro.net/ereader/politecnicointernacional/21508